| 000 | 00871cam a22002657a 4500 | ||
|---|---|---|---|
| 008 | |||
| 020 | _a9781848825772 (hbk.) | ||
| 049 | _aMAIN | ||
| 090 |
_aTA1750 _bKOC |
||
| 100 | 1 | _aKochergin, Vladimir. | |
| 245 | 1 | 0 |
_aPorous semiconductors : _boptical properties and applications / _cVladimir Kochergin [and] Helmut Foll. |
| 260 |
_aLondon : _bSpringer, _c2009. |
||
| 300 |
_aix, 206 p. : _bill. ; _c25 cm. |
||
| 490 | 0 | _aEngineering materials and processes | |
| 500 | _aIncludes index. | ||
| 504 | _aIncludes bibliographical references. | ||
| 650 | 0 |
_aOptoelectronic devices _xDesign and construction. |
|
| 650 | 0 |
_aSemiconductors _xOptical properties. |
|
| 700 | 1 | _aFoll, Helmut. | |
| 907 |
_a.b10303480 _b20-12-11 _c16-11-11 |
||
| 003 | |||
| 005 | 20230123125343.0 | ||
| 040 | _cNUST | ||
| 942 |
_cBOOKS _kTA1750 _mKOC |
||
| 999 |
_c140071 _d140071 |
||